000
00284nam a22001337a 4500
008
170406b xxu||||| |||| 00| 0 eng d
020
_a
9780471597919
041
_a
eng
080
_2
3RD
_a
575
100
_a
9
101
_a
SHM
245
_a
IMMUNOLOGY
_c
BENJAMINI, E
942
_2
udc
_c
BK
999
_c
9968
_d
9968